| 000 | 00560nam a2200181 a 4500 | ||
|---|---|---|---|
| 005 | 20140310183210.0 | ||
| 008 | 030509s19uu xx 00 eng d | ||
| 020 | _a0131964364 | ||
| 050 |
_aQA 76.9.D35 _b.T46 1981 |
||
| 100 | _aTenenbaum, Aaron M. | ||
| 245 |
_aData structures using pascal / _cAaron M. Tenenbaum. |
||
| 260 |
_aEnglewood Cliff, NJ : _bPrentice/Hall Int'l, _c1981. |
||
| 300 |
_a545 p. : _c26 cm. |
||
| 650 | _aData Structures (Computer Science) | ||
| 650 | _aPascal (Computer program language) | ||
| 942 |
_cBK _2lcc _kFOR |
||
| 999 |
_c20102 _d20102 |
||